000 02666cam a22004694i 4500
003 PE-LiUPU
005 20250731165400.0
008 150924s2010 pe grm 000 0 spa d
035 _a(Sirsi) a154613
040 _aPE-LiUPU
_bspa
_cPE-LiUPU
_erda
099 _aTE 3
_bL67 2010
100 1 _aLinares Soto, Leoncio Jorge
_eautor
245 1 _aRelación del clima organizacional con la satisfacción de los docentes, en la Facultad de Tecnología de la Universidad Nacional de Educación Enrique Guzman y Valle, La Cantuta /
_cLeoncio Jorge Linares Soto.
264 0 _c2010.
300 _a84 hojas
_c30 cm
336 _atext
_2rdacontent
337 _aunmediated
_2rdamedia
338 _avolume
_2rdacarrier
502 _aTesis
_b(Mg.) --
_cUniversidad Peruana Unión,
_d2010.
504 _aIncluye referencias
520 3 _aEl estudio se realiza con el objetivo de determinar el clima organizacional y la satisfacción docente, en la Facultad de Tecnología de la Universidad Nacional de Educación Enrique Guzmán y Valle, la Cantuta. Se ha trabajado dos variables: el clima organizacional fue estudiada en sus dimensiones: Políticas de gestión, liderazgo y trabajo en equipo; la variable criterio: satisfacción docente, también fue estudiada en sus dimensiones: satisfacción laboral, satisfacción profesional y satisfacción académica. En relación con la metodología, el estudio realizado, ofrece el diseño de investigación no experimental de tipo transeccional descriptivo. La muestra estuvo compuesta por 81 docentes, de la facultad de tecnología de la Universidad Nacional de Educación Enrique Guzmán y Valle, la Cantuta. Se usaron criterios de inclusión y exclusión. Se diseñaron cuatro hipótesis: una general y tres específicas, cuyas pruebas fueron realizadas en relación con cuatro modelos.
526 _aSEG44
526 _aSEG26
526 _aP151
526 _aP150
526 _aP149
526 _aP146
526 _aP145
526 _aP126
526 _aP125
526 _aP92
526 _aP75
526 _aP74
526 _aP27
526 _aP15
650 0 4 _aComportamiento organizacional
_xProfesores
_xSatisfacción en el trabajo
_vTesis.
610 2 _aUniversidad Nacional de Educación Enrique Guzman y Valle, La Cantuta
_xSatisfacción en el trabajo
_vTesis.
596 _a1
942 _2ddc
_cTESIS
999 _aTE 3 L67 2010
_wALPHANUM
_c7315
_iT01204
_lCCODEBUL3
_mBUL
_r1
_sY
_tTESIS
_u2015-9-24
_xPOSGRADO
_PP57
_o.STAFF. Tesis
_d7315
999 _aTE 3 L67 2010
_wALPHANUM
_c2
_iT01677
_lCCODEBUL3
_mBUL
_r1
_sY
_tTESIS
_u2015-9-24
_xPOSGRADO
_PP57
_o.STAFF. Tesis
980 _81
_gALBERTO SANCHEZ Responsable de Automatización